000 00905nam a2200265 a 4500
001 BRL_510
005 20190320210757.0
008 230813s1928----mx-a######---#000-0#spa-#
041 _aspa
044 _amx
050 4 _aF1219.3.A6
_b.M37 1928
100 1 _aMarquina, Ignacio
_920961
245 1 0 _aEstudio arquitectonico comparativo de los monumentos arqueológicos de México
_cpor Ignacio Marquina, arquitecto.
260 _aMéxico
_bTalleres gráficos de la nación,
_c1928
300 _a86 p.
_bil., mapas, planos
_c33 cm.
500 _aAu532
500 _aContribución de México al XXIII Congreso de Americanistas
650 1 4 _aArquitectura indígena
_zMéxico
_924146
650 1 4 _aArquitectura
_zMéxico
_9596
650 1 4 _aArqueología
_zMéxico
_912636
650 1 4 _aIndígenas de México
_xAntigüedades
_9509
651 4 _aMéxico
_xAntigüedades
_92765
902 _aGRL
942 _2lcc
_cB
999 _c9322
_d9322